| 000 -LEADER |
| fixed length control field |
05693cam a2200469 a 4500 |
| 001 - CONTROL NUMBER |
| control field |
15812755 |
| 003 - CONTROL NUMBER IDENTIFIER |
| control field |
OSt |
| 005 - DATE AND TIME OF LATEST TRANSACTION |
| control field |
20240222103919.0 |
| 008 - FIXED-LENGTH DATA ELEMENTS--GENERAL INFORMATION |
| fixed length control field |
090703s2009 sz ae 000 0 eng c |
| 010 ## - LIBRARY OF CONGRESS CONTROL NUMBER |
| LC control number |
2009466370 |
| 015 ## - NATIONAL BIBLIOGRAPHY NUMBER |
| National bibliography number |
GBA8B4952 |
| Source |
bnb |
| 016 7# - NATIONAL BIBLIOGRAPHIC AGENCY CONTROL NUMBER |
| Record control number |
014766254 |
| Source |
Uk |
| 020 ## - INTERNATIONAL STANDARD BOOK NUMBER |
| International Standard Book Number |
3037680083 |
| 020 ## - INTERNATIONAL STANDARD BOOK NUMBER |
| International Standard Book Number |
9783037680087 |
| 020 ## - INTERNATIONAL STANDARD BOOK NUMBER |
| International Standard Book Number |
9783938780640 (hbk.) |
| 020 ## - INTERNATIONAL STANDARD BOOK NUMBER |
| International Standard Book Number |
3938780649 (hbk.) |
| 035 ## - SYSTEM CONTROL NUMBER |
| System control number |
(OCoLC)ocn431193567 |
| 040 ## - CATALOGING SOURCE |
| Original cataloging agency |
YDXCP |
| Transcribing agency |
YDXCP |
| Modifying agency |
IXA |
| -- |
BON |
| -- |
HEBIS |
| -- |
DEBBG |
| -- |
UKM |
| -- |
BTCTA |
| -- |
BAKER |
| -- |
DLC |
| 042 ## - AUTHENTICATION CODE |
| Authentication code |
pcc |
| 050 00 - LIBRARY OF CONGRESS CALL NUMBER |
| Classification number |
NA4130 |
| Item number |
.M4913 2009 |
| 082 ## - DEWEY DECIMAL CLASSIFICATION NUMBER |
| Classification number |
721.0441 |
| Author Mark |
MEY |
| 084 ## - OTHER CLASSIFICATION NUMBER |
| Classification number |
ZH 4100 |
| Number source |
rvk |
| 100 1# - MAIN ENTRY--PERSONAL NAME |
| Personal name |
Meyhöfer, Dirk. |
| 9 (RLIN) |
121049 |
| 245 10 - TITLE STATEMENT |
| Title |
Set in stone : |
| Remainder of title |
rethinking a timelss material / |
| Statement of responsibility, etc. |
Dirk Meyhöfer ; [translation, Stephen Roche]. |
| 246 30 - VARYING FORM OF TITLE |
| Title proper/short title |
Stone |
| 250 ## - EDITION STATEMENT |
| Edition statement |
1st ed. |
| 260 ## - PUBLICATION, DISTRIBUTION, ETC. |
| Place of publication, distribution, etc. |
[Salenstein] : |
| Name of publisher, distributor, etc. |
Braun, |
| Date of publication, distribution, etc. |
2009. |
| 300 ## - PHYSICAL DESCRIPTION |
| Extent |
256 p. : |
| Other physical details |
ill. (chiefly col.), plans ; |
| Dimensions |
25 cm. |
| 505 0# - FORMATTED CONTENTS NOTE |
| Formatted contents note |
Skin: Extension of the Davidwache police station / Prof. Berhnard Winking Architekten BDA with Martin Froh ; Centro de Artes de Sines / Manuel Aires Mateus, Francisco Aires Mateus ; Police Station / De Twee Snoeken ; Pfanner House / Zoka Zola Architecture + Urban Design ; Telfair Museum of Art, Jepson Center for the Arts / Moshe Safdie and Associates with Hansen Architects ; Diepensen Fire Station / Ellers Architekten BDA ; Residential and commercial buildings / Prof. Johanne Nalback, Nalbach + Nalbach Gesellschaft van Architekten mbH ; Stein residence / JSWD Architekten -- Evangelical parish hall / Jutta Heinze -- Stone Museum / Kengo Kuma & Associates -- Loki Schmidt House, museum in the botanical gardens / Prof. Bernhard Winking Architekten BDA ; World Wide Fund for Nature headquarters / RAU ; Mausoleum of Yasser Arafat / Jafar Tukan ; Portikus art gallery / Prof. Christoph Mäckler Architekten -- Crematorium, Waldfriedhof cemetery / Julia Heinze -- Elemental: Ritter Museum / Max Dudler -- Casa das Mudas Arts Center / Paolo David ; Granitzentrum Bayerischer Wald / Brückner & Brückner Architekten ; Mount Sinai Memorial Park / Behr Browers Architects Inc. ; Lakeside House / Cristian Undurraga, Undurraga Deves Studio ; Lu-ye-yuan Stone Sculpture Art Museum / Liu Jiakunwith Wang Lun ; Public library / German Ramirez, Alejandro Piñol, Miguel Torres, and Carlos Meza ; Refurbishment and extension of the Franz Marc Museum / Diethelm & Spillmann ; Jahrhunderthaus Bochum / Prof. Wolfgang Krenz, Archwerk Generalplaner KG ; Multipurpose municipality building / Walser + Werle Architekten ZT GmbH ; Grand Théâtre de Provence / Gregotti Associati International ; Remodeling of a mill / Luci Kavánová ; Single-family house in Brione / Markus Wespi Jérômede Meuron Architekten BSA AG ; Single-family house in Dublin / Boyd Cody Architects ; Courtyard 104 / Ai Weiwei / FAKE Design -- Ornamental: Cultural center in Lavapiés / José Ignacio Linazasoro ; Hundertacht House / Uwe Schröder ; Voghera cemetery / Monestiroli Architetti Associati, Antonio Monestiroli, Tomaso Monestiroli ; Lévi-Strauss school and sports hall / Prof. Christoph Mäckler Architekten ; Municipal library / Studio Archea Associati ; East Tennessee State University and General Shale Brick Natural History Museum and Visitor Center, Gray Fossil Site / Hnedak Bobo Group (formerly Bullock Smith & Partners) and Vaughan & Melton ; Twin Bricks / Yasuhiro Yamashita ; Synagogue / KOKO architects ; Condominium Trnovski pristan / Sadar Vuga Arhitekti ; Civic Heart / Jo Fairfax ; Symphony Science and Musical Education Center / Konior Studio with Tomasz Konior, A. Krzysztof Barysz, Andrej Witkowski, Aleksander Nowacki ; Imperatore House / Plan 3 Arquitectos Ltda. ; Gateway building, Southern Metropolitan Park / Antonio Polidura + Pablo Talhouk ; Basalt streetcar stop / Despang Architekten ; House on Lake erie / Emanuela Frattini Magnusson, EFM Design ; Mortensrud church / Jensen & Skodvin -- XXL: Extension of the Prado Museum / Rafael Moneo ; Laboratory building, University Medical Center Hamburg-Eppenhdorf / gmp, Architekten von Gerkan, Marg und Partner ; Institute for the Blind / Georg, Scheel, Wetzel Architekten ; Baur-Areal housing estate / Architektur 6H, Kugler ExkhoffRiebelmann ; School canteen / despang Architkten ; Careum Campus / GWH Architekten ; Barnsley Digital Media Centre / Bauman Lyons Architects ; Entrance to Roman baths / Prof. O. M. Ungers GmbH ; South Tenerife Convention Center / AMP arquitectos ; Hotel Concorde / Jan Kleihues, Kleihues + Kleihues ; Tenerife Athletic Center / AMP Arquitectos ; Rectory building of the University of Lisbon / Manuel Aires Mateus, Francisco Aires Mateus ; Opera House / Snøhetta AS ; Junior High School with cultural and sports complex / Konior Studio with TomaszKonior, Tomasz Danielec, Andrzej Witkowski ; Clarion Hotel Sign / Gert Wingârdh, Wingârdh Arkitektkontor AB ; Civic center and city hall of Vitacura / Iglesis Prat Arquitectos Ltda ; Reconstruction of the Frauenkirche / IPRO Dresden Planungs und Ingenieuraktiengesellschaft ; Sports hall Bale / 3LDH architects. |
| 650 #0 - SUBJECT ADDED ENTRY--TOPICAL TERM |
| Topical term or geographic name entry element |
Stone buildings. |
| 9 (RLIN) |
121050 |
| 650 #0 - SUBJECT ADDED ENTRY--TOPICAL TERM |
| Topical term or geographic name entry element |
Stone buildings |
| Form subdivision |
Pictorial works. |
| 9 (RLIN) |
121051 |
| 650 07 - SUBJECT ADDED ENTRY--TOPICAL TERM |
| Topical term or geographic name entry element |
Innenarchitektur. |
| Source of heading or term |
swd |
| 9 (RLIN) |
121052 |
| 650 07 - SUBJECT ADDED ENTRY--TOPICAL TERM |
| Topical term or geographic name entry element |
Steinbau. |
| Source of heading or term |
swd |
| 9 (RLIN) |
121053 |
| 655 #7 - INDEX TERM--GENRE/FORM |
| Genre/form data or focus term |
Bildband. |
| Source of term |
swd |
| 9 (RLIN) |
121054 |
| 700 1# - ADDED ENTRY--PERSONAL NAME |
| Personal name |
Roche, Stephen, |
| Dates associated with a name |
1959- |
| 9 (RLIN) |
121055 |
| 906 ## - LOCAL DATA ELEMENT F, LDF (RLIN) |
| a |
7 |
| b |
cbc |
| c |
pccadap |
| d |
3 |
| e |
ncip |
| f |
20 |
| g |
y-gencatlg |
| 936 ## - OCLC/CONSER MISCELLANEOUS DATA (OCLC); PIECE USED FOR CATALOGING (pre-AACR2) (RLIN) |
| OCLC control number(s) of parallel record(s) (OCLC); Piece used for cataloging, PUC (RLIN) |
PR 319865729 |
| 942 ## - ADDED ENTRY ELEMENTS (KOHA) |
| Source of classification or shelving scheme |
|
| Koha item type |
Reference |